| 000 | 00870nam a22002057a 4500 | ||
|---|---|---|---|
| 999 |
_c5301 _d5301 |
||
| 003 | AR-CdUCM | ||
| 008 | 190312b ||||| |||| 00| 0 spa d | ||
| 040 |
_aMUNICIPALIDAD PROVINCIAL DEL CUSCO _cBIBLIOTECA MUNICIPAL DEL CUSCO |
||
| 082 |
_a335 / _bP86 |
||
| 100 |
_aPrimakov, Evgueni _916023 |
||
| 245 | _aUn fiel aliado en la lucha antiimperialista / | ||
| 260 |
_a[Rusia] : _bAgencia de Prensa Nóvosti. |
||
| 300 |
_a87 páginas ; _c16 cm. |
||
| 505 | _aContenido: Siempre entre los luchadores contra el colonialismo -- La autodeterminación es un derecho sagrado de los pueblos -- Vías y perspectivas de la lucha por la independencia -- La luz del faro encendido por al revolución de octubre ... | ||
| 650 |
_aSocialismo - Antiimperialismo _916024 |
||
| 650 |
_aColonialismo _98132 |
||
| 650 |
_aCapitalismo _93221 |
||
| 942 |
_2ddc _cLIBROS |
||
| 945 | _alccs | ||